Dans quels départements sont ces villes de Provence Alpes Côte d'Azur? - Statistiques

Statistiques générales
  • Ce quiz a été pris 72 fois
  • Le résultat moyen est 28 sur 40
Statistiques - réponses
Hint Réponse % Correct
Marseille Bouches du Rhône
98%
Nice Alpes Maritimes
96%
Toulon Var
96%
Avignon Vaucluse
94%
Cannes Alpes Maritimes
90%
Aix en Provence Bouches du Rhône
88%
Martigues Bouches du Rhône
85%
La Seyne sur Mer Var
85%
Antibes Alpes Maritimes
83%
Hyères Var
83%
Aubagne Bouches du Rhône
81%
Fréjus Var
81%
Menton Alpes Maritimes
79%
Marignane Bouches du Rhône
79%
Saint Raphaël Var
79%
Salon de Provence Bouches du Rhône
77%
Orange Vaucluse
73%
Cagnes sur Mer Alpes Maritimes
71%
Grasse Alpes Maritimes
71%
Arles Bouches du Rhône
71%
Istres Bouches du Rhône
71%
La Ciotat Bouches du Rhône
71%
La Valette du Var Var
71%
Six Fours les Plages Var
67%
Vitrolles Bouches du Rhône
65%
Miramas Bouches du Rhône
65%
Draguignan Var
63%
Gardanne Bouches du Rhône
62%
Gap Hautes Alpes
62%
Carpentras Vaucluse
62%
Le Cannet Alpes Maritimes
56%
Mandelieu la Napoule Alpes Maritimes
56%
Les Pennes Mirabeau Bouches du Rhône
56%
Allauch Bouches du Rhône
56%
Cavaillon Vaucluse
56%
Manosque Alpes de Haute Provence
54%
L'Isle sur la Sorgue Vaucluse
46%
La Garde Var
44%
Vallauris Alpes Maritimes
40%
Saint Laurent du Var Alpes Maritimes
38%
Aucun quiz correspondant
Distribution des résultats
% des personnes avec chaque résultat
Percentile par nombre de réponses
Votre historique - résultats
Vous n’avez pas pris ce quiz